| 000 | 004530000a22001690004500 | ||
|---|---|---|---|
| 020 | _a84-7057-394-2 | ||
| 041 | 0 | _aSPA | |
| 082 | 0 | 4 | _aG 224.06 S567p |
| 100 | 1 | _aSicre Díaz, José Luis (1940-) | |
| 245 | 1 | 0 | _aLos profetas de Israel y su mensaje : Antología de textos / José L. Sicre |
| 260 | _aMadrid, España : Cristiandad | ||
| 300 | _a253 Pag | ||
| 440 | 0 | _aColección Academia Cristiana | |
| 650 | 1 | 4 | _aPROFETAS |
| 001 | 4506 | ||
| 942 | _cBK | ||
| 999 |
_c35096 _d35096 |
||